Catàleg d'activitats i serveis locals 2006 / Xarxa Barcelona. Municipis de Qualitat ; [coordinació: Diputació de Barcelona, Oficina de Govern Local] Diputació de Barcelona, Oficina de Govern Local]
Descripción Física:
251 p. ; 30 cm
MARC
| LEADER | 00000nam a2200000Ia 4500 | ||
|---|---|---|---|
| 001 | 21351 | ||
| 008 | 160829s2007 xx 000 0 cat d | ||
| 080 | |a A-2-350 | ||
| 100 | |a Xarxa Barcelona. Municipis de Qualitat | ||
| 245 | |a Catàleg d'activitats i serveis locals 2006 / Xarxa Barcelona. Municipis de Qualitat ; [coordinació: |b Diputació de Barcelona, Oficina de Govern Local] | ||
| 260 | |a Barcelona : |b la Diputació, |c 2007 | ||
| 300 | |a 251 p. ; |c 30 cm | ||
| 590 | |a A la coberta: A prop dels municipis | ||
| 650 | 0 | |a Serveis municipals |x Barcelona (Catalunya : Província) |9 30634 | |
| 710 | |a Barcelona (Catalunya : Província). |b Oficina de Govern Local |e entitat editora |9 53120 | ||
| 901 | |a Arxiu | ||
| 942 | |n 1 |2 udc | ||
| 952 | |0 0 |1 0 |4 0 |6 A2350 |7 1 |9 51913 |a Arxiu |b Arxiu |d 2016-12-01 |l 0 |o A-2-350 |p 21351 |r 2016-12-01 00:00:00 |w 2016-12-01 |y ARXIU | ||
| 999 | |c 55759 |d 55759 | ||